JO de Tokyo classement des médaille - Statistiques

Statistiques générales
  • Ce quiz a été pris 130 fois
  • Le résultat moyen est 11 sur 15
Statistiques - réponses
Classement Pays Total % Correct
8 France 10
100%
2 Chine 38
99%
1 États-Unis 39
98%
4 Grande-Bretagne 22
95%
3 Japon 27
93%
9 Allemagne 10
90%
10 Italie 10
88%
6 Australie 17
86%
11 Canada 7
86%
12 Brésil 7
84%
7 Pays-Bas 10
64%
13 Nouvelle-Zélande 7
42%
15 Hongrie 6
28%
14 Cuba 7
21%
5 Comité olympique de Russie ROC 20
14%
Aucun quiz correspondant
Distribution des résultats
% des personnes avec chaque résultat
Percentile par nombre de réponses
Votre historique - résultats
Vous n’avez pas pris ce quiz